000 00599nam a22002537a 4500
999 _c350407
_d350407
001 64131
003 UA-OsUOA
005 20200109121810.0
007 ta
008 20091102b un ||||| |||| 00| 0 ukr d
020 _a966-7631-23-0
040 _aUA-OsUOA
_bukr
_cUA-OsUOA
_dUA-OsUOA
041 _aukr
044 _aUA
080 _a821.161.2.
090 _a821.161.2.
_bУ11
100 _aУндір О.
245 _aДруге дихання: поезії.
260 _aОстрог
_c2000
300 _a79 с.
_bІлюстрації
650 7 _2UDC
942 _cBK
_2udc
955 _a0